Countries Germany Invaded in WW2 - Statistics

General Stats
  • This quiz has been taken 398 times
    385 since last reset
  • The average score is 12 of 13
Answer Stats
Hint Country % Correct
1940 France
99%
1939 Poland
99%
1938 Austria
95%
1940 Denmark
94%
1940 Belgium
93%
1940 Norway
93%
1940 Netherlands
92%
1941 USSR
88%
1940 Luxembourg
85%
1939 Czechoslovakia
81%
1943 Italy
80%
1941 Yugoslavia
79%
1941 Greece
78%
No matching quizzes found
Score Distribution
Percent of People with Each Score
Percentile by Number Answered
Your Score History
You have not taken this quiz since the last reset